Music Quiz

Random Music or Song Quiz

Name I Am Not Human Being Songs Quiz Stats

 Plays Quiz not verified by Sporcle

Score 0/10 Timer 06:00
0 Plays Today
% Correct
Bill Gates
87.5%
Hold Up
62.5%
Popular
62.5%
Right Above It
50%
I Am Not A Human Being
50%
Im Single
37.5%
What's Wrong With Them
37.5%
Gonerrhea
25%
With You
25%
That Ain't Me
25%

You're not logged in!

Compare scores with friends on all Sporcle quizzes.
OR
Log In

Show Comments

Extras

Created Nov 15, 2010ReportNominate
Tags:Song Quiz, bill, gate, human

Top Quizzes Today


Score Distribution

Your Account Isn't Verified!

In order to create a playlist on Sporcle, you need to verify the email address you used during registration. Go to your Sporcle Settings to finish the process.

Report this User

Report this user for behavior that violates our Community Guidelines.

Details: